[Event "BL 2016-17"]
[Site "St. Veit/Glan"]
[Date "2017.03.25"]
[Round "7"]
[White "Repka, Christopher"]
[Black "Bayer, Bernhard"]
[Result "1/2-1/2"]
[WhiteElo "2455"]
[BlackElo "2443"]
[Annotator "TA"]
[PlyCount "71"]
[EventDate "2017.??.??"]
[EventType "team-tourn"]
[EventCountry "AUT"]
[SourceTitle "playchess.com"]
[Source "ChessBase"]
[SourceQuality "1"]
[WhiteTeam "Bregenz"]
[BlackTeam "Absam"]

{[%evp 13,71,11,7,0,0,0,23,-6,0,-18,-9,-39,10,-46,-60,-139,-135,-122,-51,-94,-104,-108,-57,-73,-67,-79,-80,-89,-75,-112,-57,-125,-102,-192,-196,-311,-341,-300,-172,-176,-127,-89,-60,-129,-35,-45,-4,-79,-54,-52,-54,-76,-47,-52,-43,-44,-48,-50,-13,-78]} 1. d4 Nf6 2. Nf3 e6 3. Bf4 c5 4. e3 Qb6 5. Na3 {A46: 1 d4 Nf6 2 Nf3 e6: Torre, London and Colle Systems} d5 (5... cxd4 6. Nc4 Qb4+ 7. c3 dxc3 8. a3 Qc5 9. Rc1 Qd5 10. Bd3 b5 11. e4 Nxe4 12. Ne3 Qb7 {1-0 (37) Savchenko,B (2613)-Ponkratov,P (2596) Khanty-Mansiysk 2016}) 6. Nb5 Na6 7. dxc5 Bxc5 {LiveBook: 3 Games} 8. c3 O-O 9. Bd3 Ne4 $146 (9... Be7 10. O-O Ne4 11. a4 f6 12. Qc2 e5 13. Bg3 Nac5 14. Bxe4 Nxe4 {0-1 (34) Benes,P (2117)-Malik,J (2262) Sunny Beach 2012}) 10. O-O f6 11. b4 Be7 12. a4 Kh8 13. Qc2 (13. Qb3 $11) 13... e5 $15 14. Nxe5 (14. Bxe4 $15 dxe4 15. Qxe4) 14... fxe5 $17 15. Bxe5 Qe6 ({Black should play} 15... Bf6 $17 16. a5 Qe6 17. Bxf6 Nxf6) 16. Bd4 Bd7 17. f3 Nf6 (17... Nd6 $17 18. Nxd6 Bxd6) 18. Nxa7 Nc7 19. Nb5 Nxb5 20. axb5 Rac8 21. Qf2 Bd6 (21... Ne8 $17 22. b6 Nd6) 22. Qh4 (22. Ra7 $15) 22... Be5 23. Ra7 (23. Ra3 $17) 23... Rxc3 $19 24. Bxc3 (24. Rd1 {is the only way for White.}) 24... Bxc3 25. Qf2 {[#]} Bxb4 (25... Ng4 $142 $1 {[%mdl 512]} 26. fxg4 Rxf2 27. Kxf2 g6 28. Rxb7 Bd2) 26. Rxb7 Bc5 27. Kh1 Bxe3 28. Qh4 {[#]} ({White should try} 28. Qg3 $15) 28... h6 (28... Qd6 $1 $17 {And now ...Bc8 would win.} 29. Re1 Qc5 30. Rxd7 Bf2 31. Rxd5 (31. Qg5 $2 Nxd7 32. Rd1 Be3 $19) 31... Qxd5 32. Qxf2 Qxd3) 29. Qg3 $15 Rg8 30. Rb8 (30. Rb1 $11) 30... Bc5 31. Rxg8+ Kxg8 32. Rb1 {Hoping for b6!} Qb6 33. Ra1 Bf8 ({Not} 33... Bxb5 $2 34. Rb1 $18) 34. Qe1 Qd4 ({Don't consider} 34... Bxb5 $2 35. Qb1 $18) 35. Rd1 {Strongly threatening Bh7+!} Qf4 36. Qe2 (36. Rb1 $1 $11) 1/2-1/2

[Event "BL 2016-17"]
[Site "Germany"]
[Date "2017.02.18"]
[Round "7"]
[White "Krassowizkij, Jaroslaw"]
[Black "Vocaturo, Daniele"]
[Result "1/2-1/2"]
[WhiteElo "2454"]
[BlackElo "2613"]
[Annotator "TA"]
[PlyCount "81"]
[EventDate "2017.??.??"]
[EventType "team-tourn"]
[EventCountry "GER"]
[SourceTitle "playchess.com"]
[Source "ChessBase"]
[SourceQuality "1"]
[WhiteTeam "Griesheim"]
[BlackTeam "SF Berlin"]

{[%evp 18,81,9,0,16,2,7,7,7,7,7,11,11,8,8,0,53,53,46,47,56,54,45,41,46,45,61,44,40,45,104,97,73,17,87,82,122,100,121,113,120,127,120,99,38,21,6,6,8,0,0,0,0,0,0,0,0,0,0,0,0,-76,0,0,0,0]} 1. d4 Nf6 2. c4 g6 3. f3 d5 4. cxd5 Nxd5 5. e4 Nb6 6. Nc3 Bg7 7. Be3 O-O 8. Qd2 e5 9. d5 c6 10. Rd1 {LiveBook: 12 Games} Re8 11. dxc6 Qxd2+ 12. Rxd2 {Strongly threatening c7.} Nxc6 13. Bb5 Be6 14. Nd5 Rad8 {[%cal Rb6d5]} 15. Bxc6 bxc6 16. Nc7 $1 {[#]} ({Much worse is} 16. Nxb6 axb6 17. a3 Bc4 $15) 16... Rxd2 $1 {[%mdl 512]} ({Black should play} 16... Nc4 $11 17. Rxd8 Rxd8 18. Nxe6 fxe6) 17. Bxd2 $14 (17. Kxd2 Rd8+) 17... Re7 18. Nxe6 Rxe6 19. Nh3 c5 20. Ke2 c4 21. Rc1 Bf8 22. Be3 Rc6 23. Nf2 Bc5 (23... f5 $14) 24. Bxc5 $1 $16 Rxc5 {[%mdl 4096] Endgame KRN-KRN} 25. b3 (25. b4 $16 Rc6 26. Ng4) 25... Rc6 (25... Ra5 $11 26. bxc4 Rxa2+ 27. Kf1 f6) 26. Nd1 Rc8 27. bxc4 $1 Rxc4 28. Rxc4 Nxc4 {KN-KN} 29. Kd3 $1 Nd6 30. Kc3 f5 (30... Kf8 $16) 31. exf5 gxf5 32. Kb4 Kf7 33. Ka5 Ke6 34. Ka6 Kd5 35. Kxa7 Kd4 36. Kb6 e4 37. fxe4 fxe4 38. Kc6 Nc4 {Threatening ...Nb2!} 39. a4 {[#]} (39. Kb5 $11) 39... e3 {[#]} ({Better is} 39... Nb2 $1 $17 {[%mdl 512]} 40. Nf2 (40. Nxb2 e3) 40... e3) 40. Nxe3 $1 $11 {[%mdl 512]} Kxe3 (40... Nxe3 41. a5) 41. Kc5 1/2-1/2

[Event "BL 2016-17"]
[Site "St. Veit/Glan"]
[Date "2017.03.25"]
[Round "7"]
[White "Wegerle, Joerg"]
[Black "Dobosz, Henryk"]
[Result "1/2-1/2"]
[WhiteElo "2445"]
[BlackElo "2385"]
[Annotator "TA"]
[PlyCount "60"]
[EventDate "2017.??.??"]
[EventType "team-tourn"]
[EventCountry "AUT"]
[SourceTitle "playchess.com"]
[Source "ChessBase"]
[SourceQuality "1"]
[WhiteTeam "Absam"]
[BlackTeam "Bregenz"]

{[%evp 23,60,17,14,-6,-12,-12,-12,-12,-10,-14,0,0,0,-41,-30,-35,-33,-46,-45,-41,-25,-21,-19,-22,-18,-21,-18,-27,0,0,0,0,0,0,0,0,0,-24,-20]} 1. d4 d5 2. c4 c6 3. cxd5 cxd5 4. Nc3 Nf6 5. Bf4 Nc6 6. e3 Bf5 7. Qb3 Na5 8. Qa4+ {D10: Slav Defence: 3 cxd5 (without early Nf3) and 3 Nc3} Bd7 9. Qc2 e6 10. Bd3 Nc6 11. a3 Nh5 12. Bg3 g6 {LiveBook: 3 Games} 13. Nf3 Nxg3 14. hxg3 Rc8 $146 (14... Bg7) 15. Rc1 Bg7 16. Qe2 O-O 17. O-O a6 18. Nd2 e5 19. Nxd5 Be6 20. Nb4 Nxb4 21. Rxc8 Bxc8 (21... Qxc8 $5 {seems wilder.} 22. axb4 Rd8 23. Nf3 exd4 24. e4 Bd7) 22. axb4 exd4 23. e4 $1 Qb6 24. b5 axb5 25. Bxb5 d3 26. Bxd3 Qxb2 27. Rb1 Qc3 28. Bc4 Bd4 29. Nf3 Bc5 30. Qa2 Kg7 1/2-1/2

[Event "BL 2016-17"]
[Site "St. Veit/Glan"]
[Date "2017.03.25"]
[Round "7"]
[White "Baldauf, Marco"]
[Black "Dragnev, Valentin"]
[Result "1/2-1/2"]
[WhiteElo "2439"]
[BlackElo "2520"]
[Annotator "TA"]
[PlyCount "41"]
[EventDate "2017.??.??"]
[EventType "team-tourn"]
[EventCountry "AUT"]
[SourceTitle "playchess.com"]
[Source "ChessBase"]
[SourceQuality "1"]
[WhiteTeam "Hohenems"]
[BlackTeam "Wien-SK Ottakring"]

{[%evp 27,41,4,6,16,19,0,0,0,0,0,0,0,0,0,0,0]} 1. d4 Nf6 2. c4 e6 3. Nc3 Bb4 4. Qc2 d5 5. cxd5 exd5 6. Bg5 {[%cal Bc1g5,Bg5h4,Bh4g3][%mdl 32]} c5 7. dxc5 h6 8. Bh4 g5 9. Bg3 Ne4 10. e3 {E35: Nimzo-Indian: Classical: 4...d5 5 cxd5 exd5} Qa5 (10... Bf5 11. Bxb8 Nxc3 12. Qxf5 Ne4+ 13. Ke2 Qxb8 14. Qxd5 {1-0 (14) Nakamura,H (2779)-Topalov,V (2760) Saint Louis 2016}) 11. Rc1 Qxa2 12. Bb5+ Bd7 13. Bxd7+ Nxd7 14. Nge2 Nxc3 {LiveBook: 11 Games. The position is equal.} ({Weaker is} 14... Nexc5 15. O-O Qc4 16. Rfd1 $18) ({Don't play} 14... Nxg3 $6 15. hxg3 (15. fxg3 Qa5 $14) (15. Nxg3 Qc4 $14) 15... Qa6 16. O-O Bxc3 17. Qxc3 $16 (17. Nxc3 Nf6 18. Rfd1 Qc6 $18)) 15. Nxc3 {White wants to play 0-0.} Qc4 ({Don't go for} 15... Nxc5 $2 16. O-O Bxc3 17. Qxc3 $18) 16. Qf5 Nxc5 {Threatens to win with ...0-0.} 17. Qe5+ Kd7 {[#] Strongly threatening ...Nd3+.} 18. Qd6+ $146 (18. Qc7+ Ke8 {½-½ (20) Bukavshin,I (2629)-Riazantsev,A (2678) Khanty-Mansiysk 2014}) 18... Ke8 {...Nd3+ is the strong threat.} 19. Qe5+ Kd7 {aiming for ...Nd3+.} 20. Qd6+ Ke8 21. Qe5+ 1/2-1/2

[Event "BL 2016-17"]
[Site "Germany"]
[Date "2017.02.18"]
[Round "7"]
[White "Baldauf, Marco"]
[Black "Spitzl, Vinzent"]
[Result "1-0"]
[WhiteElo "2439"]
[BlackElo "2210"]
[Annotator "ChessBase"]
[PlyCount "91"]
[EventDate "2017.??.??"]
[EventType "team-tourn"]
[EventCountry "GER"]
[SourceTitle "playchess.com"]
[Source "ChessBase"]
[SourceQuality "1"]
[WhiteTeam "SF Berlin"]
[BlackTeam "Griesheim"]
[TimeControl "40/6000+30:3000+30"]

1. c4 {[%emt 0:00:00]} e6 {[%emt 0:00:09]} 2. g3 {[%emt 0:00:00]} d5 {[%emt 0:00:42]} 3. Bg2 {[%emt 0:00:00]} Nf6 {[%emt 0:00:10]} 4. Nf3 {[%emt 0:00:27]} Be7 {[%emt 0:01:05]} 5. d4 {[%emt 0:00:10]} O-O {[%emt 0:00:34]} 6. Qc2 {[%emt 0:00:17]} c5 {[%emt 0:05:30]} 7. O-O {[%emt 0:00:07]} cxd4 {[%emt 0:05:46]} 8. Nxd4 {[%emt 0:00:18]} Nc6 {[%emt 0:00:00]} 9. Nxc6 {[%emt 0:01:44]} bxc6 {[%emt 0:01:02]} 10. Rd1 {[%emt 0:00:08]} Ba6 {[%emt 0:06:05]} 11. b3 {[%emt 0:02:21]} Qb6 {[%emt 0:05:38]} 12. Be3 {[%emt 0:08:48]} Bc5 {[%emt 0:07:44]} 13. Bxc5 {[%emt 0:00:15]} Qxc5 {[%emt 0:00:02]} 14. Nd2 {[%emt 0:01:55]} Ng4 {[%emt 0:03:14]} 15. e3 {[%emt 0:03:11]} dxc4 {[%emt 0:04:08]} 16. bxc4 {[%emt 0:12:45]} Rab8 {[%emt 0:11:07]} 17. Qa4 {[%emt 0:06:59]} Qf5 {[%emt 0:09:08]} 18. Ne4 {[%emt 0:06:02]} Rb6 {[%emt 0:07:11]} 19. h3 {[%emt 0:41:55]} Nf6 {[%emt 0:11:57]} 20. g4 {[%emt 0:04:49]} Qe5 {[%emt 0:02:44]} 21. c5 {[%emt 0:03:01]} Bb5 {[%emt 0:02:48]} 22. Qd4 {[%emt 0:06:05]} Qxd4 {[%emt 0:00:19]} 23. Rxd4 {[%emt 0:00:05]} Rbb8 {[%emt 0:02:17]} 24. a4 {[%emt 0:03:59]} Nxe4 {[%emt 0:02:25]} 25. Bxe4 {[%emt 0:00:06]} Be2 {[%emt 0:00:49]} 26. Ra2 {[%emt 0:02:14]} Ba6 {[%emt 0:00:57]} 27. Rd7 {[%emt 0:00:08]} Bc4 {[%emt 0:02:00]} 28. Rad2 {[%emt 0:00:34]} Bd5 {[%emt 0:03:31]} 29. Bxd5 {[%emt 0:00:05]} cxd5 {[%emt 0:00:11]} 30. Rxa7 {[%emt 0:00:02]} Rfc8 {[%emt 0:00:17]} 31. Rc2 {[%emt 0:00:12]} Rc6 {[%emt 0:00:33]} 32. Kf1 {[%emt 0:02:06]} g5 {[%emt 0:02:00]} 33. Ke2 {[%emt 0:00:25]} Kg7 {[%emt 0:06:10]} 34. Ra5 {[%emt 0:00:21]} Rb4 {[%emt 0:00:37]} 35. Kd3 {[%emt 0:01:38]} h5 {[%emt 0:03:35]} 36. Kc3 {[%emt 0:00:29]} Rc4+ {[%emt 0:01:42]} 37. Kb2 {[%emt 0:02:13]} Re4 {[%emt 0:01:25]} 38. gxh5 {[%emt 0:00:04]} Kh6 {[%emt 0:02:12]} 39. Kb3 {[%emt 0:00:03]} d4 {[%emt 0:00:53]} 40. exd4 {[%emt 0:00:21]} Rxd4 {[%emt 0:50:12]} 41. Rb5 {[%emt 0:05:22]} Kxh5 {[%emt 0:00:00]} 42. Rb6 {[%emt 0:01:20]} Rc8 {[%emt 0:00:00]} 43. c6 {[%emt 0:00:48]} Rd1 {[%emt 0:00:00]} 44. a5 {[%emt 0:01:37]} Kh4 {[%emt 0:00:00]} 45. Rc3 {[%emt 0:01:15]} Rb1+ {[%emt 0:00:00]} 46. Ka4 {[%emt 0:01:45]} 1-0

[Event "BL 2016-17"]
[Site "Germany"]
[Date "2017.02.18"]
[Round "7"]
[White "Vogel, Roven"]
[Black "Van Kampen, Robin"]
[Result "1/2-1/2"]
[WhiteElo "2437"]
[BlackElo "2644"]
[Annotator "TA"]
[PlyCount "109"]
[EventDate "2017.??.??"]
[EventType "team-tourn"]
[EventCountry "GER"]

{[%evp 24,109,76,63,79,67,85,71,116,47,35,20,42,35,33,14,14,-6,34,-6,31,-8,-7,-20,34,-20,33,0,0,-10,28,35,68,65,139,147,139,152,122,113,127,90,90,90,90,90,90,80,98,58,119,125,185,101,158,83,62,11,354,372,371,365,322,26,26,26,26,26,37,8,8,8,8,8,19,19,19,19,19,0,19,19,19,19,19,19,19,19]} 1. d4 Nf6 2. c4 g6 3. Nc3 Bg7 4. e4 d6 5. Be2 O-O 6. Be3 e5 7. d5 Na6 8. Nf3 Ng4 9. Bg5 {[%cal Be3g5,Bg5h4,Bh4f2][%mdl 32]} f6 10. Bh4 Nh6 11. Nd2 c5 12. f3 Nf7 13. a3 {LiveBook: 3 Games} Bh6 14. Bf2 f5 15. h4 {White is better.} Bd7 16. Rb1 (16. exf5 $16 gxf5 17. Qc2) 16... b6 $14 17. b4 Qe7 18. Bd3 Nc7 19. Nf1 Ne8 20. Ng3 {[%cal Re4f5]} Ng7 21. Qc2 Qf6 22. a4 Rfb8 23. Rb2 a5 (23... f4 $11 24. Nge2 Nh5) 24. bxa5 (24. bxc5 $14 bxc5 25. Rxb8+ Rxb8 26. h5) 24... bxa5 (24... f4 $11 25. Nge2 Rxa5) 25. Rxb8+ Rxb8 26. Nb5 Bf4 27. Ne2 fxe4 28. Bxe4 (28. fxe4 $6 Nh5 $11) (28. Nxf4 $6 exf4 29. Bxe4 Nf5 $11) 28... Bf5 (28... Nf5 $14) 29. g4 $16 (29. Nxf4 $6 Bxe4 30. Qxe4 exf4 $11) 29... Bxe4 30. Qxe4 (30. fxe4 g5 $11) 30... h5 31. Kd1 (31. Nxf4 exf4 32. O-O Re8 $19) 31... g5 32. Be1 gxh4 33. Bxh4 (33. Rxh4 $2 Ng5 34. Qb1 Nxf3 $17) (33. Nxf4 exf4 34. Bc3 Qg5 35. gxh5 Nf5 $15) 33... Ng5 34. Bxg5 (34. Nxf4 exf4 35. Qc2 Qa1+ 36. Qc1 Qxa4+ 37. Qc2 Qa1+ 38. Qc1 Qxc1+ 39. Kxc1 Nxf3 40. gxh5 Nf5 $17) 34... Bxg5 35. gxh5 Nf5 36. Kc2 Kg7 (36... Kh8 $14) 37. Rg1 Kh6 (37... Kh8 $16 {might work better.}) 38. Kd3 ({White should play} 38. Ng3 $18 Nxg3 39. Rxg3) 38... Rf8 {[#]} (38... Nh4 $142) 39. Rg4 ({Better is} 39. Qg4 $1) 39... Nh4 40. Ng1 (40. Rg3 $14) 40... Kxh5 $2 {[%mdl 8192] [#]} (40... Nxf3 $11 {and Black has nothing to worry.} 41. Qg6+ Qxg6+ 42. hxg6 Nxg1 43. Rxg1 Kxg6) 41. Nc7 $1 $18 {[%cal Rc7e6]} Ng6 42. Ne6 Nf4+ 43. Rxf4 $2 (43. Kc2 $18 {Intending Qh7+ and mate.} Nxe6 44. dxe6) 43... Bxf4 $11 ({Reject} 43... exf4 $6 44. Nxf8 Qxf8 45. Ne2 $16) 44. Nxf8 Qxf8 45. Ne2 {Strongly threatening Qh7+.} Kg5 46. Qh7 {Hoping for Nc3.} (46. Nxf4 Qxf4 47. Qe2 Qd4+ 48. Kc2 Kf4 49. Qh2+ Ke3 50. Qh6+ Ke2 51. Qxd6 Qxc4+ 52. Kb1 Qb3+ 53. Ka1 Qxa4+ 54. Kb1 Qd1+ 55. Ka2 Qc2+ 56. Ka1 Qc3+ 57. Kb1 c4 $19) 46... Qf5+ {The position is equal.} 47. Qxf5+ Kxf5 {[%mdl 4096] Endgame KB-KN} 48. Nc3 {aiming for Ne4.} (48. Nxf4 Kxf4 49. Ke2 e4 50. fxe4 Kxe4 $19) 48... Bg5 49. Nb5 Be7 50. Na7 {Nc6 is the strong threat.} Bd8 $1 51. Nc6 Bc7 52. Ke3 Bb6 53. Ne7+ Kf6 54. Nc8 Bc7 55. Na7 1/2-1/2

[Event "BL 2016-17"]
[Site "Germany"]
[Date "2017.02.18"]
[Round "7"]
[White "Boguslawski, Oleg"]
[Black "Muse, Drazen"]
[Result "0-1"]
[WhiteElo "2435"]
[BlackElo "2355"]
[Annotator "TA"]
[PlyCount "74"]
[EventDate "2017.??.??"]
[EventType "team-tourn"]
[EventCountry "GER"]
[SourceTitle "playchess.com"]
[Source "ChessBase"]
[SourceQuality "1"]
[WhiteTeam "Hockenheim"]
[BlackTeam "König Tegel"]

{[%evp 12,74,40,38,43,40,57,0,2,-56,-56,-56,-57,-49,-22,-28,-23,-21,0,-46,-37,-118,-85,-79,-82,-84,-79,-148,-133,-167,-118,-125,-118,-123,-109,-114,-116,-116,-98,-144,-69,-82,-85,-133,-123,-216,-218,-340,-319,-533,-526,-582,-551,-549,-525,-585,-593,-620,-612,-620,-612,-613,-610,-606,-594]} 1. e4 d5 2. exd5 Qxd5 3. Nc3 {??.} Qd6 4. d4 Nf6 5. Nf3 a6 6. Bd3 g6 7. O-O Bg7 8. Re1 O-O 9. Bg5 (9. Ne4 $14 Nxe4 10. Rxe4 (10. Bxe4 Nd7 $14)) 9... Nc6 $11 10. h3 (10. Ne4 $11 Nxe4 11. Rxe4 (11. Bxe4 Nxd4 12. Nxd4 Bxd4 $11)) 10... Nxd4 $15 11. Nxd4 Qxd4 12. Qf3 Qc5 13. Be3 Qa5 14. Bf4 Re8 15. a3 (15. Be5 $11) 15... c6 16. g4 (16. Bc4 $15) 16... Nd5 17. Bd2 Nxc3 18. Bc4 e6 {[#] Threatens to win with ...Qc5.} 19. bxc3 (19. Bxc3 $142 Bxc3 20. Qxc3 Qxc3 21. bxc3) 19... Qc5 $17 20. Bb3 b5 (20... Rd8 $19 21. Red1 Bd7) 21. Rad1 Bb7 22. c4 Qe7 23. c5 {[#]} a5 $1 {[%cal Ba6a5,Ba5a4][%mdl 32]} 24. Bf4 a4 $36 {[%mdl 2048] Black is in control.} 25. Ba2 (25. Bd6 $142 Qf6 26. Qxf6 Bxf6 27. Ba2) 25... Rad8 (25... Qxc5 $17 {And now ...Rad8 would win.} 26. Rd7 Qc3) 26. Bd6 $15 Qf6 27. Qe3 (27. Qxf6 $142 Bxf6 28. c4) 27... Qb2 $17 28. Bb1 (28. Bc4 $17) 28... Bc3 $19 29. Rf1 (29. Bc7 {might work better.} Rd4 30. Rxd4 Bxd4 31. Qf3) 29... b4 30. f4 $2 (30. Qc1 {was called for.}) 30... Ba6 {Black is clearly winning.} 31. Rf3 {Now axb4 and White clings on.} Qxa3 32. Qe4 Bb5 33. Re3 Qb2 34. f5 a3 35. fxg6 hxg6 36. h4 a2 37. Bxa2 Qxa2 0-1

[Event "BL 2016-17"]
[Site "St. Veit/Glan"]
[Date "2017.03.25"]
[Round "7"]
[White "Atlas, Valery"]
[Black "Banusz, Tamas"]
[Result "0-1"]
[WhiteElo "2432"]
[BlackElo "2609"]
[Annotator "TA"]
[PlyCount "214"]
[EventDate "2017.??.??"]
[EventType "team-tourn"]
[EventCountry "AUT"]
[SourceTitle "playchess.com"]
[Source "ChessBase"]
[SourceQuality "1"]
[WhiteTeam "Hohenems"]
[BlackTeam "Wien-SK Ottakring"]

{[%evp 16,214,12,22,23,20,22,27,27,18,33,35,27,39,42,30,50,48,50,31,25,18,10,0,0,15,14,-11,0,-16,0,0,0,0,0,0,62,18,32,0,0,0,0,0,0,0,9,13,15,0,14,0,0,0,0,0,0,0,0,0,0,0,0,0,0,0,0,0,0,0,0,0,0,0,0,-1,-1,-109,-109,-109,-109,-109,-109,-109,-109,-109,-109,-109,-109,-109,-109,-109,-109,-109,-109,-109,-109,-109,-109,-109,-109,-109,-109,-109,-109,-109,0,-109,-109,-109,-109,-109,-109,-109,-109,-109,-109,-109,-109,-109,-109,-109,-109,-109,-21,-21,-25,-109,-109,-109,-109,-109,0,-8,0,-25,-25,-109,-8,-8,0,-109,-25,-25,-8,-109,-109,-109,-109,-109,-25,-8,-4,-109,0,0,0,0,0,-25,-8,-8,0,0,0,-8,-8,-8,-8,-29971,-29971,-29971,-29972,-29972,-29973,-29979,-29980,-29977,-29976,-29976,-29976,-29976,-29977,-29977,-29978,-29978,-29979,-29979,-29980,-29980,-29981,-29980,-29982,-29984,-29984,-29985,-29986,-29986,-29987,-29987,-29988]} 1. e4 e5 2. Nf3 Nc6 3. Bc4 Bc5 4. d3 Nf6 5. O-O a6 6. c3 Ba7 7. a4 {C54: Giuoco Piano: 4 c3 Nf6, main lines with 5 d4 and 5 d3} h6 8. Na3 {[%cal Bb1a3,Ba3c2,Bc2e3][%mdl 32]} d6 9. Nc2 {LiveBook: 17 Games. The position is equal.} Ne7 (9... Qe7 10. Be3 Be6 11. Bxe6 Qxe6 12. Bxa7 Rxa7 13. d4 Ne7 14. Nd2 O-O {½-½ (38) So,W (2808)-Eljanov,P (2755) Wijk aan Zee 2017}) 10. Be3 $146 (10. Re1 Ng6 11. a5 O-O 12. Be3 c6 13. Ba2 Bb8 14. Bb6 Qe8 {0-1 (36) Vazquez,G (2437)-Hess,R (2571) chess.com INT 2017}) 10... Ng6 11. Bxa7 Rxa7 12. d4 Bd7 13. dxe5 dxe5 14. Ne3 O-O 15. Qc2 Bc6 16. Rfd1 Qc8 17. Bd5 (17. Nd2 $5 {with more complications.} Ra8 18. Bd5 Bxd5 19. exd5 Rd8 20. c4) 17... Nxd5 18. Nxd5 Bxd5 19. Rxd5 Nf4 20. Rxe5 Nxg2 $1 21. Nd4 (21. Kxg2 Qg4+ 22. Kh1 Qxf3+ 23. Kg1 Qg4+ 24. Kh1 Qf3+ 25. Kg1 Rd8 $15) (21. Kh1 $5 {looks sharper.} Nf4 22. Rg1 Ng6 23. Rf5 Ra8 24. Qb3) 21... Nh4 {...Qg4+ is the strong threat.} 22. Nf5 Nxf5 (22... Qd8 $5 {is more complex.} 23. Nxh4 Qxh4 24. f3 Raa8 25. Qf2 Qf6) 23. exf5 Qd8 24. Qe4 Ra8 {[%cal Ba7a8,Ba8b8,Bb8b2][%mdl 32]} 25. Re1 Qd2 (25... Rb8 $11) 26. Re3 ({Much worse is} 26. Qxb7 Rab8 27. Qd5 (27. Qxa6 Rxb2 28. Qa7 Qg5+ 29. Kh1 Qf4 $11) 27... Qxb2 $11) 26... Qd6 27. Qxb7 Rab8 28. Qd5 Rxb2 29. Qxd6 cxd6 $11 {[%mdl 4096] Endgame KRR-KRR} 30. Rd5 Rb6 31. Red3 Rd8 32. c4 Rb4 33. Rxd6 Rxd6 34. Rxd6 Rxa4 {KR-KR} 35. Rd8+ Kh7 36. Rc8 Ra5 37. c5 Ra4 38. c6 Rc4 39. Kg2 a5 40. Kf3 a4 41. c7 Rc3+ 42. Kf4 a3 43. Ra8 Rxc7 44. Rxa3 Rc4+ 45. Kf3 h5 46. f6 (46. Ra7 $11 {remains equal.}) 46... g5 $1 $17 47. h3 Kg6 48. Kg2 Rf4 49. Ra8 Kxf6 50. Rh8 Rh4 51. Rh6+ Kg7 52. Ra6 Rb4 53. Rc6 f6 54. Rc8 Rb3 55. Ra8 Rb7 56. Rc8 Kg6 57. Ra8 Rb4 58. Rh8 Rb3 59. Rg8+ Kh7 60. Rc8 Kg7 61. Ra8 $1 Rd3 62. Rc8 h4 63. Rc7+ Kg6 64. Rc8 Kf5 65. Rf8 Ke5 66. Re8+ Kf4 67. Rf8 f5 (67... Rd6 $5 {is interesting.} 68. Ra8 Rd5 69. Ra6 Ke5 70. Kf3 Rb5) 68. Rh8 Rd6 69. Rh7 Ke5 (69... Rd1 $17 {Threatening ...Rd3.} 70. Ra7 Rd3 71. Ra4+ Ke5 72. Ra5+ Rd5) 70. Rh5 $1 $11 Rg6 {Hoping for ...Kf4.} 71. Rh7 (71. Kf3 $1 $11 {keeps the balance.}) 71... Rg8 72. Rh6 Rg7 73. Rh5 Kf6 (73... Kf4 $17 74. Rh6 Rd7) 74. Rh8 Kg6 75. Kh2 Ra7 {[#]} 76. Kg2 (76. f4 $1 $11 {[%mdl 512]}) 76... Kg7 (76... Ra4 $17 {And now ...Kf6 would win.} 77. Kf3 Rf4+ 78. Ke2 Ra4) 77. Rh5 $1 Kg6 (77... Kf6 $11) 78. Rh8 $17 Rd7 (78... Ra2 $17 79. Rb8 Rd2 80. Rb6+ Kf7) 79. Rg8+ $11 Kh6 {Strongly threatening ...Rd3.} 80. Rh8+ {[#]} (80. f4 $1 $11 {was the only way to keep the balance.}) 80... Kg7 $1 $17 {[%cal Rg7h8]} 81. Rh5 Kg6 82. Rh8 Rh7 (82... Rd2 $17 {Threatens to win with ...Kf6.} 83. Kf3 Rd3+ 84. Kg2 Rd4) 83. Rg8+ ({Not} 83. Rxh7 $2 Kxh7 84. f3 Kg6 $19) 83... Kf6 {White must now prevent ...Rb7.} 84. Kh2 (84. f4 $11) 84... Ke5 ({Black should play} 84... Ra7 $17 {aiming for ...Rb7.} 85. Kg2 Ra3) 85. Rxg5 $11 Kf4 86. Rg8 $1 Kf3 87. Ra8 Re7 {next ...Re2 is good for Black.} 88. Rh8 Kxf2 89. Rxh4 Re4 (89... Kf3 $5 {feels hotter.} 90. Rh5 Re2+ 91. Kg1 Kf4 92. h4 Re8) 90. Rh8 f4 91. h4 f3 92. Kh3 $2 {[%mdl 8192]} (92. Rh6 $11) 92... Ke1 {Black mates.} 93. Ra8 {[#]} f2 $1 94. Ra1+ Ke2 95. Kg2 Rg4+ ({Inferior is} 95... Rxh4 96. Ra2+ Ke1 97. Rxf2 $11) 96. Kh3 Rg1 97. Ra2+ Kf3 {[%cal Rg1h1]} 98. Ra3+ Ke4 99. Ra4+ Kd5 100. Ra5+ Kc6 101. Ra6+ Kb7 102. Rf6 f1=Q+ 103. Rxf1 Rxf1 104. Kg4 Kc7 105. Kg5 Kd7 106. h5 Ke7 107. Kg6 Kf8 0-1